000 00973nam a2200277 i 4500
003 EG-GICUC
005 20260128232414.0
008 260128s2007 ua a|||f |||| 00| 0 ara d
040 _a EG-GICUC
_bara
_c EG-GICUC
_d EG-GICUC
_erda
041 0 _aara
082 0 4 _221
_a001.4
_bم س . م
092 0 4 _221
_a001.4
099 _aLaw1 11 001.4 م س . م 2007
100 0 _aمسعد عبد الرحمن زيدان.
245 1 0 _aمناهج البحث العلمى فى العلوم القانونية /
_cمسعد عبد الرحمن زيدان.
264 _aالمحلة الكبرى :
_bدار الكتب القانونية،
_c2007
300 _a282 صفحة
_c24 سم
336 _2rda content
_atext
337 _2rda media
_aComputer
338 _2rda carrier
_aOnline Resource
650 1 _aالبحث القانونى
_2qrmak
651 1 _2qrmak
856 4 0 _uhttps://fll.law.cu.edu.eg/fulltext/bks/B11-05738.pdf
905 _a15
942 _2ddc
_cBK
_e21
_n0
999 _c60015
_d60015